000 00584nam a22001697a 4500
003 OSt
005 20221012194322.0
008 221012b |||||||| |||| 00| 0 eng d
020 _a970-35-1143-0
040 _cBiblioteca Lado V
082 _a700.74
_bB516
100 _9162
_aBermudez Ochoa, Sari
_ecoordinador
245 _aEs 2006 Tijuana/
_bIV Bienal Internacional de Estandartes Iternational Biennial of Standards/
260 _aMexico
_bConsejo Nacional para las Culturas y las Artes
_c2006
300 _a103p.
_c18x27cm
942 _2ddc
_c1
_h700.74
_iB516b
_n0
999 _c2285
_d2285